Kliknij kraje Słowacji na mapie - Statystyki

Ogólne statystyki
  • Ten quiz został rozwiązany 142 razy
  • Średni wynik to 5 z 8
Odpowiedzi na mapie
Odpowiedzi zakodowano w zielono-czerwonej skali na mapie do tego quizu, zgodnie z poniższymi procentami.
 
Statystyki odpowiedzi
Odpowiedź % Poprawnych
Kraj bratysławski
79%
Kraj preszowski
74%
Kraj żyliński
72%
Kraj trenczyński
69%
Kraj bańskobystrzycki
67%
Kraj koszycki
62%
Kraj nitrzański
62%
Kraj trnawski
49%
Nie znaleziono quizów pasujących do podanych kryteriów
Rozkład punktacji
Procent ludzi z każdym wynikiem
Percentyl według liczby udzielonych odpowiedzi
Twoja historia wyników
Nie rozwiązałeś tego quizu